| Tag |
First Indicator |
Second Indicator |
Subfields |
| LEADER |
00000cam a2200000Ia 4500 |
| 001 |
in00002861908 |
| 005 |
20151202172438.0 |
| 008 |
130107s1970 txu b 000 0 eng d |
| 035 |
|
|
|a (OCoLC)ocn823506897
|
| 035 |
|
|
|a (OCoLC)823506897
|
| 040 |
|
|
|a TXA
|c TXA
|d UtOrBLW
|
| 043 |
|
|
|a n-us-tx
|
| 049 |
|
|
|a TXAM
|
| 050 |
|
4 |
|a SF83.U63
|b T49 1970
|
| 090 |
|
|
|a SF83.U63
|b T49 no. 20
|
| 110 |
2 |
|
|a Texas A & M University.
|b Department of Animal Science.
|
| 245 |
1 |
0 |
|a Meat science and meat chemistry programs.
|
| 264 |
|
1 |
|a College Station, Tex. :
|b Texas Agricultural Experiment Station, Texas A&M University,
|c [1970?]
|
| 300 |
|
|
|a 33 leaves ;
|c 28 cm.
|
| 336 |
|
|
|a text
|b txt
|2 rdacontent
|
| 337 |
|
|
|a unmediated
|b n
|2 rdamedia
|
| 338 |
|
|
|a volume
|b nc
|2 rdacarrier
|
| 490 |
1 |
|
|a Departmental information report / Department of Animal Science ;
|v no. 20
|
| 500 |
|
|
|a Cover title.
|
| 504 |
|
|
|a Includes bibliographical references.
|
| 650 |
|
0 |
|a Livestock
|x Research
|z Texas
|z College Station.
|
| 650 |
|
0 |
|a Agricultural education
|z Texas
|z College Station.
|
| 710 |
2 |
|
|a Texas Agricultural Experiment Station.
|
| 830 |
|
0 |
|a Departmental information report (Texas A & M University. Department of Animal science) ;
|v no. 20.
|
| 994 |
|
|
|a C0
|b TXA
|
| 948 |
|
|
|a cataloged
|b h
|c 2013/1/7
|d o
|e nbehmer
|f 9:03:03 am
|
| 999 |
|
|
|a MARS
|
| 999 |
f |
f |
|s 7b2b9b96-c27d-3bbf-b300-ea9bcc9669db
|i 259e384f-caf5-3303-8525-45ed544f7722
|t 0
|
| 952 |
f |
f |
|p noncirc
|a Texas A&M University
|b College Station
|c Cushing Memorial Library & Archives
|d Cushing: Texas A&M Publications (Remote Storage: 2-3 day retrieval)
|t 0
|e SF83.U63 T49 no. 20
|h Library of Congress classification
|i unmediated -- volume
|
| 952 |
f |
f |
|p noncirc
|a Texas A&M University
|b College Station
|c Cushing Memorial Library & Archives
|d Cushing: Texas A&M Publications (Remote Storage: 2-3 day retrieval)
|t 0
|e SF83.U63 T49 no. 20
|h Library of Congress classification
|i unmediated -- volume
|
| 998 |
f |
f |
|a SF83.U63 T49 no. 20
|t 0
|l Cushing: Texas A&M Publications (Remote Storage: 2-3 day retrieval)
|
| 998 |
f |
f |
|a SF83.U63 T49 no. 20
|t 0
|l Cushing: Texas A&M Publications (Remote Storage: 2-3 day retrieval)
|